Представление документа в формате RUSMARC

ПолеНазваниеЗначение
  Тип записи i
  Библиографический уровень m
001 Контрольный номер 44fc61bdbdcb4abd8086789824aa837c
005 Дата корректировки 20240410121217.7
010 Индекс ISBN __
a ISBN (В кор.)
d Цена 200-00
100 Данные общей обработки __
a Данные общей обработки 19200520d2015||||||| 0rusy0189 ca
101 Язык документа 0_
a Язык текста rus
102 Страна публикации __
a Страна публикации ru|
102 Страна публикации __
a Страна публикации RU
105 Кодированные данные (монография) __
a Кодированные данные (монография) |||||||||f|zy
127 Кодированные данные (звукозаписи-физические характеристики) __
a Продолжительность проигрывания 56 мин
200 Заглавие и сведения об ответственности 1_
a Заглавие Старик и море
e Сведения, относящиеся к заглавию радиокомпозиция по мотивам одноименной повести : [аудиоспектакль]
f Первые сведения об ответственности Э. Хемингуэй ; читает Геннадий Мичурин
203 Вид содержания и тип средства __
a Вид содержания Устная речь
c Тип средства аудио
210 Выходные данные __
a Место издания Москва
c Издательство Агентство
c Издательство ИДДК
d Дата издания 2015
215 Физическое описание __
a Объем 1 электрон. опт. диск (CD-ROM)
d Формат 12 см
225 Серия __
a Серия Audiobook
300 Общие примечания __
a Общие примечания Заглавие с этикетки диска
300 Общие примечания __
a Общие примечания Формат записи: MP3
300 Общие примечания __
a Общие примечания Запись 1960 г.
330 Аннотация __
a Аннотация Радиокомпозиция "Старик и море" по мотивам одноименной повести Эрнеста Хемингуэя. История старика Сантьяго, кубинского рыбака, о его борьбе с гигантской рыбой, которая стала самой большой добычей в его жизни. В 1953 году Эрнест Хемингуэй получил Пулитцеровскую премию за свое произведение, в 1954 году - Нобелевскую премию по литературе.
333 Примечание о целевом назначении __
a Примечание о целевом назначении 6+. Для детей старше шести лет
337 Примечание о системных требованиях (электронные ресурсы) __
a Примечание о системных требованиях (электронные ресурсы) Системные требования: Pentium 100 MHz ; 16Mb RAM ; 4-х CD-ROM ; звуковая карта SVGA ; Windows 98/ME/XP/2000
606 Тематические рубрики __
a Основная рубрика Художественная литература
606 Тематические рубрики __
a Основная рубрика Литература Америки (произведения)
610 Ключевые слова __
a Ключевые слова американская литература
610 Ключевые слова __
a Ключевые слова классика
610 Ключевые слова __
a Ключевые слова классическая литература
610 Ключевые слова __
a Ключевые слова романы
610 Ключевые слова __
a Ключевые слова тема мужества
686 Индексы других классификаций __
2 Код системы rubbks
a Классификационный индекс 84(7Сое)6-4я04
700 Автор _1
a Фамилия Хемингуэй
b Имя Э.
f Даты 1899-1961
g Полное личное имя Эрнест
4 Код отношения 070
702 Вторичная интеллектуальная ответственность _1
a Фамилия Мичурин
b Имя Г. М.
4 Код отношения Прочие
f Даты 1897-1970
g Полное личное имя Геннадий Михайлович
4 Код отношения 570
801 Источник записи _0
a Страна ru
b Организация Муниципальное бюджетное учреждение культуры "Централизованная библиотечная система" г. Сургут (Центральная городская библиотека им. А. С. Пушкина)
c Дата составления 20200520
g Правила каталогизации PSBO
801 Источник записи _1
a Страна ru
b Организация Муниципальное бюджетное учреждение культуры "Централизованная библиотечная система" г. Сургут (Центральная городская библиотека им. А. С. Пушкина)
c Дата составления 20200520
g Правила каталогизации PSBO
852 Данные о местонахождении __
j Шифр хранения 84(7Сое)6-4я04
i Авторский знак Х 37
901 Тип документа __
t Тип документа 0
a Ответственный КиК/Котельникова
903 Характеристики (МАРС) __
a Дата передачи 20200522
911 __
u 336a=Устная речь
911 __
u 337a=аудио
969 Тип издания __
a Тип издания аудиокнига
a Тип издания издание для слепых
990 Данные о заказе (DOS) __
j Количество экземпляров (DOS) 1
t N записи в КСУ для И/У (DOS) 202004